000 nam a22 7a 4500
999 _c16642
_d16642
008 161116b xxu||||| |||| 00| 0 eng d
050 _aNK 4891 .T36 1970
100 _aTaranovskaya, N.
245 _aRussian distaffs/
_cN. Taranovskaya; N. Maltsev
260 _c1970.
300 _a108p. :
_bill. ;
_c27cm.
500 _aIncludes bibliography and index.
650 _a Distaff (Spinning)
_xSoviet Union.
650 _aFolk art
_xSoviet Union.
650 _a Art, Russian.
700 _aMaltsev, N.
942 _2lcc
_cBOOKS
_hNK 4891 .T36 1970